000 01132cam a2200289 a 4500
001 4395812
003 ARRUPE
005 20151012155019.0
008 920608s1993 inu b 001 0 eng
010 _a 92021043
020 _a025332694X (hard)
040 _aDLC
_cDLC
_dDLC
050 0 0 _aB3279.H49
_bH2213 1993
082 0 0 _a193
_220
100 1 _aHaar, Michel.
_920129
240 1 0 _aChant de la terre.
_lEnglish
245 1 4 _aThe song of the earth :
_bHeidegger and the grounds of the history of being /
_cMichel Haar ; translated by Reginald Lilly ; foreword by John Sallis.
260 _aBloomington :
_bIndiana University Press,
_cc1993.
300 _axviii, 181 p. ;
_c24 cm.
440 0 _aStudies in Continental thought
_94942
504 _aIncludes bibliographical references (p. 157-176) and index.
600 1 0 _aHeidegger, Martin,
_d1889-1976.
_920221
650 0 _aOntology
_xHistory
_y20th century.
_920222
906 _a7
_bcbc
_corignew
_d1
_eocip
_f19
_gy-gencatlg
942 _2lcc
_cMONOGRAPH
999 _c123498
_d123498